Southville International School and Colleges
Your cart is empty.
  • Cart
  • Lists
    Public lists Eva Luna New books Lux_list list_1
    Your lists Log in to create your own lists
  • Log in to your account
  • Your cookies
  • Search history
Southville International School and Colleges
  • Advanced search
  • Recent comments
  • Most popular
  • Libraries

Log in to your account

Log in with GOOGLE


If you do not have an external account, but do have a local account, you can still log in:

  1. Home
  2. MARC view: Troubleshooting microsoft excel 2002
Normal view MARC view ISBD view

Troubleshooting microsoft excel 2002 (Record no. 131)

[ view plain ]
MARC details
000 -LEADER
fixed length control field 01257cam a22003254a 4500
001 - CONTROL NUMBER
control field 12618801
003 - CONTROL NUMBER IDENTIFIER
control field PILC
005 - DATE AND TIME OF LATEST TRANSACTION
control field 20160108151614.0
008 - FIXED-LENGTH DATA ELEMENTS--GENERAL INFORMATION
fixed length control field 011213s2002 waua 001 0 eng
010 ## - LIBRARY OF CONGRESS CONTROL NUMBER
LC control number 2001059083
020 ## - INTERNATIONAL STANDARD BOOK NUMBER
International Standard Book Number 0735614938
040 ## - CATALOGING SOURCE
Original cataloging agency DLC
Transcribing agency DLC
Modifying agency DLC
042 ## - AUTHENTICATION CODE
Authentication code pcc
050 00 - LIBRARY OF CONGRESS CALL NUMBER
Classification number HF 5548.4
Item number .Ul45 2002
082 00 - DEWEY DECIMAL CLASSIFICATION NUMBER
Classification number CS 005.369E
Item number Ul7 2002
100 1# - MAIN ENTRY--PERSONAL NAME
Personal name Ulrich-Fuller, Laurie,
Dates associated with a name 1961-
245 10 - TITLE STATEMENT
Title Troubleshooting microsoft excel 2002
Statement of responsibility, etc Laurie Ann Ulrich.
260 ## - PUBLICATION, DISTRIBUTION, ETC. (IMPRINT)
Place of publication, distribution, etc Redmond, Wash. :
Name of publisher, distributor, etc Microsoft Press,
Date of publication, distribution, etc c2002.
300 ## - PHYSICAL DESCRIPTION
Extent xvii, 400 p. :
Other physical details col. ill. ;
Dimensions 24 cm.
520 ## - SUMMARY, ETC.
Summary, etc 1. Microsoft Excel for Windows. 2. Electronic spreadsheets. 3. Business - - Computer program.
562 ## - COPY AND VERSION IDENTIFICATION NOTE
Number of copies 1
630 00 - SUBJECT ADDED ENTRY--UNIFORM TITLE
Uniform title Microsoft Excel (Computer file)
650 #0 - SUBJECT ADDED ENTRY--TOPICAL TERM
Topical term or geographic name as entry element Electronic spreadsheets.
650 #0 - SUBJECT ADDED ENTRY--TOPICAL TERM
Topical term or geographic name as entry element Business
General subdivision Computer programs.
856 42 - ELECTRONIC LOCATION AND ACCESS
Materials specified Contributor biographical information
Uniform Resource Identifier <a href="http://www.loc.gov/catdir/enhancements/fy1004/2001059083-b.html">http://www.loc.gov/catdir/enhancements/fy1004/2001059083-b.html</a>
906 ## - LOCAL DATA ELEMENT F, LDF (RLIN)
a 7
b cbc
c orignew
d 1
e ocip
f 20
g y-gencatlg
942 ## - ADDED ENTRY ELEMENTS (KOHA)
Source of classification or shelving scheme Library of Congress Classification
Koha item type Books
Holdings
Withdrawn status Lost status Source of classification or shelving scheme Damaged status Home library Current library Shelving location Date acquired Total Checkouts Full call number Barcode Date last seen Copy number Price effective from Koha item type
    Library of Congress Classification   Luxembourg Library Luxembourg Library Computer Science Section 01/09/2012   HF 5548.4 .Ul45 2002 11346 04/11/2018 1 10/03/2013 Books

Troubleshooting microsoft excel 2002

APA

Ulrich-Fuller L., . (2002). Troubleshooting microsoft excel 2002. Redmond, Wash: Microsoft Press.

Chicago

Ulrich-Fuller Laurie, . 2002. Troubleshooting microsoft excel 2002. Redmond, Wash: Microsoft Press.

Harvard

Ulrich-Fuller L., . (2002). Troubleshooting microsoft excel 2002. Redmond, Wash: Microsoft Press.

MLA

Ulrich-Fuller Laurie, . Troubleshooting microsoft excel 2002. Redmond, Wash: Microsoft Press. 2002.

  • Place hold
  • Print
  • Cite
  • Add to your cart (remove)
  • Save record
    BIBTEX Dublin Core MARCXML MARC (non-Unicode/MARC-8) MARC (Unicode/UTF-8) MARC (Unicode/UTF-8, Standard) MODS (XML) RIS
  • More searches
    Search for this title in:
    Other Libraries (WorldCat) Other Databases (Google Scholar) Online Stores (Bookfinder.com) Open Library (openlibrary.org)

Exporting to Dublin Core...

SOUTHVILLE LIBRARY

Southville International School and Colleges Library

1281 Tropical Ave. Cor. Luxembourg St., BF Homes International, Las Pinas City

Tel. No. 8256374 / 252358 Loc. 117/146

Powered by Koha